000 00264nam a2200109Ia 4500
008 220204s9999 xx 000 0 und d
082 _a659.2
_bBRO
100 _aBrown, Michael Barrot
245 0 _aInformation at work
260 _aLondon
_bArrow
_c1978
942 _cBK
999 _c32802
_d32802